01602nam a2200349 a 4500001001000000003000500010005001700015008004100032010001100073011001100084040000900095090001000104100004400114245020400158260004100362500006000403502010200463590004000565590004000605650004000645650005800685650004600743650004700789650002800836856007000864901000700934942001000941942000600951999001900957952013600976952014001112000111926CHAP20220817044702.0151015s2015 mx a fsm |||||||spa d a108387 a109359 cCHAP aTesis1 aVarela Ramírez, Mario Alberto912994110aAnálisis de las principales variables macroeconómicas y su impacto en el crecimiento y de sarrollo del sector agropecuario en México 1982-2014h[En línea]cpor Mario Alberto Varela Ramírez. aChapingo, Méx. :bEl autor,c2015. aPara ver el contenido del material haga clic en la liga aTesis (M.C. en Economía Agrícola) -- UACH. División de Ciencias Económico Administrativas aE6096MTMb05c20151015lUCH01h0851 aE6096MTMb05c20151015lUCH01h085714aAgriculturaxAspectos económicos.14aDesarrollo económicoxModelos matemáticos.93205414aDesarrollo económicozMéxico.912610414aGanaderíaxAspectos económicos.94461614aMacroeconomía.969550 aFinding aiduhttp://10.13.5.2/tesis/sist111926.pdfzTeclea aquí aBK cTESIS n0 c108387d108387 00104054718TESISaBCbBCd2015-10-15fTESISl0oTesisp33724002510868r2019-12-31 00:00:00w2019-12-31yTESISzRecien adquirido 00102local4053708TESISaBCbBCcPA_TESISd2015-10-15fTESISl0oTesisp33724002510900r2019-12-31 00:00:00tc.2w2019-12-31yTESIS